Lecturas latinas

Uloženo v:
Podrobná bibliografie
Hlavní autor: Santa Cruz Teijeiro, José (Autor)
Médium: Kniha
Jazyk:španělština
Vydáno: Valencia Universidad de Valencia 1977
Témata:
Tagy: Přidat tag
Žádné tagy, Buďte první, kdo vytvoří štítek k tomuto záznamu!

MARC

LEADER 00000nam a2200000 a 4500
001 UCR1705
003 CL-VaPUC
008 971219e19770000SP |||||||||||||||||spa|d
082 0 4 |a 180  |b SAN  |2 21 
100 0 |a Santa Cruz Teijeiro, José  |e author  |9 399079 
245 1 0 |a Lecturas latinas 
246 1 0 |a Tusculanae disputationes 
246 1 0 |a Divagaciones horacianas 
300 |a 38 p 
942 |c BK 
945 |d 19971219 00:00:00  |a aolguin 
260 |a Valencia  |b Universidad de Valencia  |c 1977 
600 0 |a Cicerón, Marco Tulio  |e autor  |9 255203 
600 0 |a Horacio  |9 267078 
650 0 |a Filosofía romana   |9 344946 
650 0 |a Felicidad  |9 257029 
650 7 |a PLACER  |2 CL-VaPUC  |9 321616 
650 0 |a Virtud  |9 315987 
650 0 |a Ensayos latinos   |9 348249 
583 |a last modification  |c 19971219 00:00:00  |k Rodrigo Vera 
999 |c 265072  |d 265070 
952 |0 0  |1 0  |4 0  |6 180_000000000000000_SAN_1977  |7 0  |8 DER_ROM  |9 295861  |a BIBDER  |b BIBDER  |d 2019-11-20  |i 1918605  |o 180 SAN 1977  |p 1918605  |r 2023-01-25  |w 2019-11-20  |x Ubicación 4to piso  |y BK  |z Este recurso debe solicitarse con anticipación  |k DER